000 00694nam a22001817a 4500
003 DO-CoUTE
005 20260525150712.0
008 260525b dr ||||| |||| 00| 0 spa d
040 _aDO-CoUTE
_bspa
_cDO-CoUTE
082 _aR RD333.317293G216m
110 1 _aInstituto Agrario Dominicano
245 1 2 _aMemoria Historica del Instituto Agrario Dominicano 1962-2024 :
_bCasos y cosas de la reforma Agraria Republica Dominicana /
_cAgrón. Guillermo Garcia Garcia
260 _aRepublica Dominicana ;
_bInstituto Agrario Dominicano,
_c1962
300 _a164 Paginas :
_c22x23cm,
504 _aIncluye referencia bibliográfica e índice.
650 4 _aMemoria historica
942 _2ddc
_cBK
999 _c24232
_d24232